Adalbert Stifter: Poesie aus dem geist der naturwissenschft
Bewaard in:
| Hoofdauteur: | |
|---|---|
| Formaat: | Boek |
| Taal: | Undetermined |
| Gepubliceerd in: |
Stuttgart, Alemania
ohlhammer
1976
|
| Onderwerpen: | |
| Tags: |
Voeg label toe
Geen labels, Wees de eerste die dit record labelt!
|
MARC
| LEADER | 00000nam a2200000Ia 4500 | ||
|---|---|---|---|
| 008 | 170316s9999 xx 000 0 und d | ||
| 040 | |a cru BVZT | ||
| 090 | |a 830 S-4a | ||
| 100 | |a Selge, Martin | ||
| 245 | |a Adalbert Stifter: Poesie aus dem geist der naturwissenschft | ||
| 260 | |a Stuttgart, Alemania |b ohlhammer |c 1976 | ||
| 300 | |a 120 páginas | ||
| 650 | |a LITERATURA ALEMANA | ||
| 999 | |c 7430 |d 7430 | ||
| 942 | |c 15 D |h 830 S-4a |2 z | ||
